| 000 | 00689nam a2200205 a 4500 | ||
|---|---|---|---|
| 001 | 000015310 | ||
| 005 | 20260330180935.0 | ||
| 008 | 100205s2002 dr a 001 0 spa d | ||
| 040 |
_aDO-SdBNP _bspa _cBNPHU |
||
| 082 |
_a342.7293 _bG633c |
||
| 100 | 1 |
_aGómez, Luis _d1933- _934630 |
|
| 245 | 1 | 0 |
_aCurso taller sobre la constitución dominicana / _cLuis Gómez. |
| 260 |
_aSanto Domingo : _bComputhen, _c2002. |
||
| 300 |
_a506 p. ; _c21 cm. |
||
| 504 | _aIncluye bibliografía (p. 18, 504 -506) | ||
| 651 | 4 |
_aRepública Dominicana _xConstitución _91008 |
|
| 651 | 4 |
_aRepública Dominicana _xDerecho Constitucional _99303 |
|
| 650 | 0 |
_aConstituciones _934631 |
|
| 999 |
_a1 _n0000085 _c14876 _d14876 |
||
| 049 | _aBNPD | ||